2. Klasse Ost Oberösterreich Mannschaften 2023/24 - Statistiken

Allgemein
  • Dieses Quiz wurde 13 mal gespielt
  • Das Durchschnittsergebnis liegt bei 7 aus 13
Antwortstatistiken
Platz Antwort % Korrekt
8. SV Losenstein
89%
13. SV Reichraming
89%
6. Bewegung Steyr
78%
9. SPG SV Weyer
78%
4. Großraming
67%
5. Maria Neustift
67%
2. UFC Ternberg
67%
7. Wolfern
56%
3. Wartberg
44%
11. Union Procon Dietach Juniors
33%
1. USV St. Ulrich Juniors
33%
10. ATSV Neuzeug Juniors
22%
12. SV Grün-Weiß Micheldorf Juniors
11%
Keine übereinstimmenden Quizze gefunden
Verteilung der Resultate
Anzahl Personen mit jedem Resultat
Perzentil nach korrekt beantworteten Fragen
Ihre Resultats-Entwicklung
Sie haben dieses Quiz noch nicht gespielt